[Event "Sicilian . . . start your engines"]
[Site "SchemingMind.com"]
[Date "2014.08.21"]
[Round "-"]
[White "maro"]
[Black "idrum"]
[Result "0-1"]
[WhiteCountry "MEX"]
[BlackCountry "USA"]
[WhiteElo "1499"]
[WhiteRD "56"]
[BlackElo "1513"]
[BlackRD "85"]
[GameID "363198"]

1. e4 c5 2. Nf3 d6 3. Bc4 Nf6 4. e5 dxe5 5. Nxe5 e6 6. Bb5+ Nc6 7. Nxc6 bxc6 8. Bxc6+ Bd7 9. Bxa8 Qxa8 10. O-O Be7
11. Nc3 O-O 12. d4 a5 13. dxc5 Bc6 14. Na4 Bxa4 15. b3 Bc6 16. Ba3 Bxg2 17. Re1 Bh3 18. f3 Rd8 19. Qe2 Nh5 20. Rad1 Qb8
21. Rxd8+ Bxd8 22. Rd1 Bc7 23. Kf2 Bxh2 24. Ke1 Bg3+ 25. Kd2 Qf4+ 26. Kc3 Bh4 27. Bc1 Qb4+ 28. Kb2 Bf6+ 29. Kb1 Qc3 30. Rd8+ Bxd8
31. Bb2 Qxc5 32. Qd2 Be7 33. a4 Qg1+ 34. Ka2 g6 35. Qd7 Qc5 36. Qe8+ Bf8 37. Ba3 Qxa3+ 38. Kb1 Bf5
0-1

[Event "Sicilian . . . start your engines"]
[Site "SchemingMind.com"]
[Date "2014.08.21"]
[Round "-"]
[White "idrum"]
[Black "maro"]
[Result "1-0"]
[WhiteCountry "USA"]
[BlackCountry "MEX"]
[WhiteElo "1513"]
[WhiteRD "85"]
[BlackElo "1499"]
[BlackRD "56"]
[GameID "363199"]

1. e4 c5 2. Nf3 b6 3. d4 Nf6 4. Bd3 e6 5. Nc3 Bb7 6. Bg5 Be7 7. e5 Ng4 8. Qd2 Bxf3 9. gxf3 Bxg5 10. f4 Bh4
11. Ne4 Nc6 12. h3 Nh6 13. Nd6+ Ke7 14. O-O-O Nb4 15. Bc4 Nf5 16. Nxf5+ exf5 17. dxc5 bxc5 18. Qd6+ Ke8 19. Rhg1 Be7 20. Qd2 a5
21. Rxg7 d5 22. Be2 Nxa2+ 23. Kb1 Nb4 24. Bh5 Rf8 25. e6 Ra7 26. exf7+ Kd7 27. Rxh7 a4 28. Qe2 a3 29. c3 a2+ 30. Ka1 Nc6
31. Rh6 Kc7 32. Qb5 Nb8 33. Qb6+ Kc8 34. Qxa7 Bf6 35. Qxc5+ Kb7 36. Rxd5 Nd7 37. Qb5+ Kc7 38. Qc4+ Kb7 39. Rb5+ Nb6 40. Bf3+ Ka7
41. Qxa2+ Kb8 42. Qa8+ Kc7 43. Qc6+ Kb8 44. Qb7#
1-0